=LDR 00000nam 2200000 4500 =001 INLIS000000000029663 =005 20230124024642 =035 ##$$a 0010-061300000029663 =008 230124###########################0###### =041 ##$$a Ind =082 ##$$a 343.04 =090 ##$$a 343.04, Ans p =100 ##$$a Anshari, Tunggul =245 1#$$a Pengantar hukum pajak, Tunggul Anshari =260 ##$$a 2008 :$b Malang =300 ##$$a x, 186 hlm, ; $c 21 cm =650 #4$$a Hukum Pajak =850 ##$$a NBPNMAT =020 ##$$a 979-3695-40-4 =084 ##$$a 343.04 ANS p =990 ##$$a 21400613/BPAP-NTB/20142014 =990 ##$$a 21400613/BPAP-NTB/20142014 =990 ##$$a 0001/BPAP-NTB/20142014 =990 ##$$a 0001/BPAP-NTB/20142015